000 00572nam a2200205 4500
003 OSt
005 20240703013417.0
006 a
008 240703b |||||||| |||| 00| 0 eng d
020 _a9789710445370
040 _aDWCL-HMN lib.
_cOC
082 _aFil. 641.2 R742b 2008
100 _aRojo, Lorenzo G.
245 _aBar and beverage services /
260 _aManila :
_bMindshapers Co., Inc.,
_cc2008.
300 _av,
_b291 p. : ill. ;
_c23 cm.
504 _aIncludes bibliographical references.
650 _a1. Beverages.
942 _2ddc
_n0
_cBK - FIL
_kFil.
999 _c1839
_d1839